|
|
|
|
| LEADER |
00000nab a2200000 a 4500 |
| 001 |
vtls000845820 |
| 003 |
SK-MaSNL |
| 005 |
20260303222035.0 |
| 008 |
160321c2003 xo 0 cze |
| 015 |
|
|
|a SNBRB2003/09-26050
|
| 035 |
|
|
|a CLN000197475
|
| 040 |
|
|
|a SNKBUCL
|b slo
|c SNKBUCL
|e AACR2
|
| 041 |
0 |
|
|a cze
|
| 044 |
|
|
|a xo
|c SK
|
| 080 |
|
|
|a 796.420.071
|2 UDC-MRF-SK2
|
| 080 |
|
|
|a 929 Schwarzenegger, Arnold
|2 UDC-MRF-SK2
|
| 100 |
1 |
|
|a Dobbins, Bill
|4 aut
|9 966711
|
| 245 |
1 |
0 |
|a Arnold Schwarzenegger
|b hrudník
|c Bill Dobbins, Bill Geiger
|
| 300 |
|
|
|b Fotogr.
|
| 600 |
1 |
7 |
|a Schwarzenegger, Arnold,
|d 1947-
|2 snkbucl
|9 156294
|
| 655 |
|
7 |
|a články z novín a časopisov
|2 snkbucl
|9 267496
|
| 700 |
1 |
|
|a Geiger, Bill
|4 aut
|9 1256025
|
| 773 |
0 |
|
|x 1335-7867
|t Muscle a fitness
|g Roč. 13, č. 10 (2003), s. 38-39
|
| 850 |
|
|
|a Slovenská národná knižnica v Martine
|
| 852 |
|
|
|a SNK
|b KIS3GCP
|
| 958 |
|
|
|a BC
|
| 958 |
|
|
|a RBX
|
| 999 |
|
|
|c 2237839
|d 2239769
|